История СССР. Т. 3: История советского общества (Запись № 8762409)

Подробности
000 -МАРКЕР
контрольное поле 01509nam2a22002651 4500
001 - ИДЕНТИФИКАТОР ЗАПИСИ
контрольное поле rc\4456712
005 - ИДЕНТИФИКАТОР ВЕРСИИ
контрольное поле 20250611175745.0
035 ## - ДРУГИЕ СИСТЕМНЫЕ НОМЕРА
Идентификатор записи (NLR Aleph) 008321924
100 ## - ДАННЫЕ ОБЩЕЙ ОБРАБОТКИ
Данные общей обработки 20130416d1967 |||y0rusy50 ca
101 0# - ЯЗЫК РЕСУРСА
Язык текста, звукозаписи и т.д. русский
102 ## - СТРАНА ПУБЛИКАЦИИ ИЛИ ПРОИЗВОДСТВА
Страна публикации Российская Федерация
105 ## - ПОЛЕ КОДИРОВАННЫХ ДАННЫХ: ТЕКСТОВЫЕ МАТЕРИАЛЫ, МОНОГРАФИЧЕСКИЕ
Кодированные данные о монографическом текстовом документе y c |||||
200 1# - ЗАГЛАВИЕ И СВЕДЕНИЯ ОБ ОТВЕТСТВЕННОСТИ
Основное заглавие История советского общества
Сведения, относящиеся к заглавию Указатель советской литературы. 1917-1964
Первые сведения об ответственности [Сост. М.Л. Хаскелис, Е.Я. Шрейбер, М.Н. Пеклер и др.]. [Ч.] 9
Обозначение и номер части Вып. 2
Наименование части Великая Октябрьская социалистическая революция. (Март 1917 - март 1918 гг.)
210 ## - ПУБЛИКАЦИЯ, РАСПРОСТРАНЕНИЕ И ДР.
Дата издания, распространения и т.д. 1967
Место издания, распространения и т.д. Б. м.
215 ## - ФИЗИЧЕСКАЯ ХАРАКТЕРИСТИКА
Специфическое обозначение материала и объем [5], 92, 11 с.
461 #0 - УРОВЕНЬ НАБОРА
Встроенное поле 001rc\4456703
-- 2001#$aИстория СССР$eУказатель советской литературы$eМакет для обсуждения]$f[Ред. Г.М. Марковская. Т. 3$gАН СССР. Фундам. б-ка обществ. наук им. В.П. Волгина$vТ. 3
Системный номер (АБИС) связанной записи 8762358
Место публикации Москва
Дата публикации 1967
Первые сведения об ответственности [Ред. Г.М. Марковская. Т. 3
Имя издателя, распространителя и т.д. Б. и.
Сведения, относящиеся к заглавию Указатель советской литературы : Макет для обсуждения]
Заглавие История СССР
Номер тома Т. 3
702 #1 - ИМЯ ЛИЦА - ВТОРИЧНАЯ ОТВЕТСТВЕННОСТЬ
Начальный элемент ввода Шрейбер
Часть имени, кроме начального элемента ввода Е.Я.
Код отношения Составитель
702 #1 - ИМЯ ЛИЦА - ВТОРИЧНАЯ ОТВЕТСТВЕННОСТЬ
Начальный элемент ввода Пеклер
Часть имени, кроме начального элемента ввода М.Н.
Код отношения Составитель
702 #1 - ИМЯ ЛИЦА - ВТОРИЧНАЯ ОТВЕТСТВЕННОСТЬ
Начальный элемент ввода Хаскелис
Часть имени, кроме начального элемента ввода М.Л.
Код отношения Составитель
801 #0 - ИСТОЧНИК ЗАПИСИ
Страна Российская Федерация
Организация NLR
Правила каталогизации psbo
801 #1 - ИСТОЧНИК ЗАПИСИ
Страна Российская Федерация
Организация ELAR
Источник данных rusmarc
852 ## - МЕСТОНАХОЖДЕНИЕ И ШИФР ХРАНЕНИЯ
Идентификатор организации NLR
Шифр хранения (Call Number) С К-2/5517
942 ## - ДОПОЛНИТЕЛЬНЫЕ ЭЛЕМЕНТЫ ЗАПИСИ (АБИС)
Тип экземпляра АБИС Книга
980 ## - КОЛЛЕКЦИЯ
Название коллекции Национальная библиография
Экземпляры
Тип экземпляра Дата поступления Библиотека постоянного хранения Библиотека текущего хранения Место хранения Шифр хранения Штрих-код Статус экземпляра
Книга 26.10.2013 РНБ (Московский) РНБ (Московский) Центральная справочная библиотека С К-2/5517 1-2573552